000 00428nab a2200145Ia 4500
003 ES-SlBCS
005 20210601124412.0
008 140529s1957 xxu||||| |||| 00| 0 eng d
041 _aeng
100 1 _aRosen, Stanley H.
_9141492
245 0 0 _aWonder, Anxiety and Eros
_c Stanley H. Rosen
650 0 4 _aEros-Ansiedad
_9141493
773 0 _tGiornali di Metafisica
_gvol. 12, nº. 6, 1957, págs. 645-656
_w0017-0372
942 _cAR
999 _c514205
_d514205